[Event "POL-chT U19 2nd League"]
[Site "Chelm Lubelski"]
[Date "2010.07.13"]
[Round "10"]
[White "Kowalczuk, Mikolaj"]
[Black "Pisarek, Marcin"]
[Result "1-0"]
[WhiteElo "1939"]
[BlackElo "1746"]
[PlyCount "93"]
[EventDate "2010.07.06"]
[EventType "team-tourn"]
[EventRounds "11"]
[EventCountry "POL"]
[SourceTitle "EXT 2011"]
[Source "ChessBase"]
[SourceDate "2010.11.26"]
[SourceVersion "1"]
[SourceVersionDate "2010.11.26"]
[SourceQuality "1"]
[WhiteTeam "Rawicz Korona Rawbud U19"]
[BlackTeam "Jastrzebie Zdroj Pionier U19"]
[WhiteTeamCountry "POL"]
[BlackTeamCountry "POL"]

1. d4 d5 2. c4 e6 3. Nf3 Nf6 4. Nc3 c6 5. e3 dxc4 6. Bxc4 b5 7. Bd3 Be7 8. 0-0 0-0 9. Qe2 Bb7 10. e4 Nbd7 11. Rd1 Nb6 12. a3 a6 13. Bg5 Nfd7 14. Be3 Qc7 15. Rac1 Bd6 16. e5 Be7 17. Bg5 Rfe8 18. Qe4 Nf8 19. Qh4 h6 20. Bxe7 Qxe7 21. Qg3 Red8 22. Ne4 Qc7 23. Nf6+ Kh8 24. Nh5 g6 25. Nf6 Nd5 26. Qh4 Kg7 27. Be4 Ne7 28. Ng4 Ng8 29. Nf6 Nh7 30. Nxh7 Kxh7 31. Qg3 Qd7 32. Rc5 a5 33. Rdc1 Rdc8 34. h4 h5 35. Ng5+ Kg7 36. Qf3 Ra6 37. d5 cxd5 38. Rxc8 Bxc8 39. Rxc8 dxe4 40. Qf4 Ra7 41. Rc3 b4 42. Rg3 bxa3 43. bxa3 Qe7 44. Nxe4 Rc7 45. Nf6 Kh8 46. Qg5 Rc5 47. Qxh5+ 1-0

[Event "POL-chT U19 2nd League"]
[Site "Chelm Lubelski"]
[Date "2010.07.10"]
[Round "6"]
[White "Bienias, Piotr"]
[Black "Pisarek, Marcin"]
[Result "1/2-1/2"]
[WhiteElo "1775"]
[BlackElo "1746"]
[PlyCount "60"]
[EventDate "2010.07.06"]
[EventType "team-tourn"]
[EventRounds "11"]
[EventCountry "POL"]
[SourceTitle "EXT 2011"]
[Source "ChessBase"]
[SourceDate "2010.11.26"]
[SourceVersion "1"]
[SourceVersionDate "2010.11.26"]
[SourceQuality "1"]
[WhiteTeam "Starzenice Park U19"]
[BlackTeam "Jastrzebie Zdroj Pionier U19"]
[WhiteTeamCountry "POL"]
[BlackTeamCountry "POL"]

1. e4 c5 2. c4 Nc6 3. g3 g6 4. Bg2 Bg7 5. Ne2 e6 6. Nbc3 Nge7 7. d3 0-0 8. 0-0 b6 9. f4 Bb7 10. Rb1 Nd4 11. b4 d6 12. Be3 Nxe2+ 13. Nxe2 Qc7 14. Kh1 f5 15. a3 Kh8 16. Qb3 Rab8 17. Nc3 a6 18. Rfc1 Rfd8 19. h3 Nc6 20. Ne2 Nd4 21. Bxd4 cxd4 22. Rc2 Qd7 23. Kh2 Rdc8 24. Ng1 Rc7 25. Ne2 Rbc8 26. b5 axb5 27. Qxb5 Bc6 28. Qb4 Ra7 29. exf5 gxf5 30. Bxc6 Rxc6 1/2-1/2

[Event "POL-chT U19 2nd League"]
[Site "Chelm Lubelski"]
[Date "2010.07.09"]
[Round "5"]
[White "Pisarek, Marcin"]
[Black "Kielbasa, Artur"]
[Result "1-0"]
[WhiteElo "1746"]
[BlackElo "1541"]
[PlyCount "39"]
[EventDate "2010.07.06"]
[EventType "team-tourn"]
[EventRounds "11"]
[EventCountry "POL"]
[SourceTitle "EXT 2011"]
[Source "ChessBase"]
[SourceDate "2010.11.26"]
[SourceVersion "1"]
[SourceVersionDate "2010.11.26"]
[SourceQuality "1"]
[WhiteTeam "Jastrzebie Zdroj Pionier U19"]
[BlackTeam "Lesniowice U19"]
[WhiteTeamCountry "POL"]
[BlackTeamCountry "POL"]

1. d4 d5 2. c4 e5 3. dxe5 d4 4. Nf3 Nc6 5. g3 Nge7 6. Bg2 Ng6 7. Nbd2 Be6 8. b3 a5 9. a3 Ra7 10. Bb2 Ngxe5 11. 0-0 Be7 12. Nxe5 Nxe5 13. Nf3 Nxf3+ 14. Bxf3 Bf6 15. Qd3 0-0 16. b4 Qd7 17. Rfd1 Rd8 18. e3 dxe3 19. Qxe3 Qe8 20. Bxf6 1-0

[Event "Orlova op 7th"]
[Site "Orlova"]
[Date "2010.05.23"]
[Round "2"]
[White "Pisarek, Marcin"]
[Black "Havlik, Vlastimil"]
[Result "1-0"]
[WhiteElo "1740"]
[BlackElo "1839"]
[PlyCount "97"]
[EventDate "2010.05.22"]
[EventType "swiss"]
[EventRounds "7"]
[EventCountry "CZE"]
[SourceTitle "EXT 2012"]
[Source "ChessBase"]
[SourceDate "2011.11.24"]
[SourceVersion "1"]
[SourceVersionDate "2011.11.24"]
[SourceQuality "1"]

1. d4 d5 2. c4 c6 3. cxd5 cxd5 4. Nc3 Nf6 5. Bf4 a6 6. e3 e6 7. Bd3 Bd6 8. Bg3 0-0 9. Nf3 h6 10. Ne5 Bxe5 11. Bxe5 Nc6 12. Bg3 Nd7 13. Be2 Re8 14. 0-0 Nf8 15. Rc1 Bd7 16. e4 dxe4 17. Nxe4 Bc8 18. Nd6 Re7 19. Bf3 Rd7 20. Bxc6 bxc6 21. Rxc6 Bb7 22. Nxb7 Rxb7 23. b3 Rd7 24. Qf3 Rxd4 25. Rd6 Rxd6 26. Bxd6 Ng6 27. Bc7 Qe8 28. Rd1 Ne7 29. Qxa8 Qxa8 30. Rd8+ Qxd8 31. Bxd8 Nd5 32. a4 Kf8 33. Kf1 Ke8 34. Ba5 Kd7 35. Ke1 Kc6 36. Kd2 Kc5 37. g3 e5 38. f3 f5 39. Kd3 h5 40. h4 g6 41. Bd2 Nb4+ 42. Kc3 Nd5+ 43. Kd3 Nb4+ 44. Kc3 a5 45. Be3+ Kc6 46. Kc4 Nd5 47. Bd2 Nf6 48. Kd3 Kd5 49. Be3 1-0

[Event "POL-chT3 U19 Slaska"]
[Site "Slask"]
[Date "2007.05.20"]
[Round "11.26"]
[White "Roj, Aleksander"]
[Black "Pisarek, Marcin"]
[Result "1-0"]
[WhiteElo "1600"]
[BlackElo "1600"]
[PlyCount "57"]
[EventDate "2007.01.27"]
[EventType "team-tourn"]
[EventRounds "11"]
[EventCountry "POL"]
[SourceTitle "EXT 2019"]
[Source "ChessBase"]
[SourceDate "2018.10.10"]
[SourceVersion "1"]
[SourceVersionDate "2018.10.10"]
[SourceQuality "1"]
[WhiteTeam "Tychy Jedynka U19"]
[BlackTeam "Jastrzebie Zdroj Pionier U19 II"]
[WhiteTeamCountry "POL"]
[BlackTeamCountry "POL"]

1. e4 c5 2. Nc3 Nc6 3. f4 d6 4. Nf3 Bg4 5. h3 Bxf3 6. Qxf3 a6 7. d3 Nd4 8. Qf2 g6 9. Nd1 Bg7 10. c3 Nc6 11. g4 e6 12. Ne3 Qd7 13. h4 h5 14. Be2 hxg4 15. Bxg4 Nh6 16. Bf3 0-0-0 17. Nc4 Qc7 18. Be3 b5 19. Nd2 b4 20. d4 bxc3 21. bxc3 Qa5 22. 0-0 Rd7 23. Nc4 Qxc3 24. Nb6+ Kc7 25. Nxd7 Kxd7 26. dxc5 dxc5 27. Rfc1 Qf6 28. e5 Qf5 29. Qd2+ 1-0

[Event "POL-chT3 U19 Slaska"]
[Site "Slask"]
[Date "2007.05.20"]
[Round "10.9"]
[White "Wrzalek, Piotr"]
[Black "Pisarek, Marcin"]
[Result "0-1"]
[WhiteElo "1600"]
[BlackElo "1600"]
[PlyCount "138"]
[EventDate "2007.01.27"]
[EventType "team-tourn"]
[EventRounds "11"]
[EventCountry "POL"]
[SourceTitle "EXT 2019"]
[Source "ChessBase"]
[SourceDate "2018.10.10"]
[SourceVersion "1"]
[SourceVersionDate "2018.10.10"]
[SourceQuality "1"]
[WhiteTeam "Gliwice Politechnika Slaska U19 II"]
[BlackTeam "Jastrzebie Zdroj Pionier U19 II"]
[WhiteTeamCountry "POL"]
[BlackTeamCountry "POL"]

1. e4 c5 2. Nf3 d6 3. d4 cxd4 4. Bb5+ Bd7 5. Bxd7+ Nxd7 6. Qxd4 Ngf6 7. Nc3 a6 8. 0-0 g6 9. Be3 Bg7 10. Qd2 0-0 11. Bh6 Rc8 12. Bxg7 Kxg7 13. Nd4 Ne5 14. Rab1 Nc6 15. Kh1 d5 16. exd5 Nxd5 17. Nf5+ gxf5 18. Nxd5 e6 19. Qc3+ f6 20. Nf4 Qe7 21. Rfe1 e5 22. Qh3 Qf7 23. Nh5+ Kh8 24. c3 f4 25. Ra1 Rg8 26. Qf5 Rcf8 27. Nxf4 exf4 28. Qxf4 Qd5 29. f3 Qg5 30. Qxg5 Rxg5 31. Rad1 Rg7 32. Rd6 Rgf7 33. Red1 Kg7 34. Rd7 Ne5 35. R7d4 Re8 36. Re4 Rfe7 37. Rde1 Ng6 38. Rxe7+ Nxe7 39. g4 Kf7 40. Kg2 Rd8 41. Re2 Nd5 42. Kg3 Nb6 43. b3 Nc8 44. h4 Ne7 45. h5 b5 46. c4 bxc4 47. bxc4 Rc8 48. Rc2 Nd5 49. Rd2 Nb6 50. Rd6 Nxc4 51. Rxa6 Rc7 52. a4 Ne5 53. a5 Rc3 54. Ra7+ Kg8 55. a6 Rxf3+ 56. Kg2 Ra3 57. Ra8+ Kg7 58. g5 fxg5 59. Ra7+ Kh6 60. Re7 Rxa6 61. Rxe5 Kxh5 62. Re3 Ra4 63. Re7 h6 64. Re2 Ra3 65. Kh1 Kh4 66. Kg1 g4 67. Re6 Kg3 68. Re1 h5 69. Kh1 Kf2 0-1